|
|
|
|
| LEADER |
02241nam a2200529 i 4500 |
| 001 |
nkc20213350546 |
| 003 |
CZ PrNK |
| 005 |
20220121074345.0 |
| 007 |
ta |
| 008 |
210907s2021 xr a e p 000 0 cze |
| 015 |
|
|
|a cnb003350546
|
| 020 |
|
|
|a 978-80-248-4554-8
|q (brožováno) :
|c neprodejné
|
| 035 |
|
|
|a (OCoLC)1296108278
|
| 040 |
|
|
|a OLA001
|b cze
|e rda
|
| 072 |
|
7 |
|a 620.9
|x Energetika
|2 Konspekt
|9 19
|
| 072 |
|
7 |
|a 37.016
|x Učební osnovy. Vyučovací předměty. Učebnice
|2 Konspekt
|9 22
|
| 080 |
|
|
|a 620.9-8
|2 MRF
|
| 080 |
|
|
|a 53.08
|2 MRF
|
| 080 |
|
|
|a (075.8)
|2 MRF
|
| 080 |
|
|
|a (076.5)
|2 MRF
|
| 100 |
1 |
|
|a Šmída, Zdeněk,
|d 1989-
|7 ola20211100962
|4 aut
|
| 245 |
1 |
0 |
|a Studijní opory pro praktická poloprovozní měření v laboratořích energetických strojů /
|c Zdeněk Šmída
|
| 250 |
|
|
|a 1. vydání
|
| 264 |
|
1 |
|a Ostrava :
|b Vysoká škola báňská - Technická univerzita Ostrava,
|c 2021
|
| 300 |
|
|
|a 165 stran v různém stránkování :
|b ilustrace (převážně barevné) ;
|c 30 cm
|
| 336 |
|
|
|a text
|b txt
|2 rdacontent
|
| 337 |
|
|
|a bez média
|b n
|2 rdamedia
|
| 338 |
|
|
|a svazek
|b nc
|2 rdacarrier
|
| 500 |
|
|
|a Nad názvem: VŠB - Technická univerzita Ostrava, Fakulta strojní, katedra energetiky & výzkumné energetické centrum
|
| 500 |
|
|
|a 100 výtisků
|
| 504 |
|
|
|a Obsahuje bibliografii
|
| 650 |
0 |
7 |
|a energetické stroje
|7 ph119944
|2 czenas
|
| 650 |
0 |
7 |
|a technická měření
|7 ph126464
|2 czenas
|
| 650 |
0 |
9 |
|a power machines
|2 eczenas
|
| 650 |
0 |
9 |
|a technical measurements
|2 eczenas
|
| 655 |
|
7 |
|a učebnice vysokých škol
|7 fd133772
|2 czenas
|
| 655 |
|
7 |
|a praktická cvičení
|7 fd133118
|2 czenas
|
| 655 |
|
9 |
|a textbooks (higher)
|2 eczenas
|
| 655 |
|
9 |
|a problems, exercises, etc.
|2 eczenas
|
| 710 |
2 |
|
|a Vysoká škola báňská - Technická univerzita Ostrava.
|b Katedra energetiky
|7 kn20010709148
|4 isb
|
| 710 |
2 |
|
|a Vysoká škola báňská - Technická univerzita Ostrava.
|b Výzkumné energetické centrum
|7 kn20030304010
|4 isb
|
| 910 |
2 |
|
|a BOA001
|b 4-1476.594
|
| 928 |
9 |
|
|a Vysoká škola báňská - Technická univerzita
|
| 990 |
|
|
|a BK
|
| 995 |
|
|
|a 01
|
| 991 |
|
|
|b 202112
|c NOV
|
| 996 |
6 |
|
|b 2610886881
|c 4-1476.594
|l MZK
|r Sklad / do 1 hodiny
|n 0
|p p.v.
|w 001870337
|u 000010
|a 1
|e BOA001
|j MZK50
|s P
|